HumInA projektcsoport a ReALIS 1.1 bázisán
A laptopos bemutatóra benyújtott szoftver egy mobiltelefonra szánt alkalmazás személyi számítógépes verziója. Létrehozásának fő célja a mindennapi kommunikációt meghatározó kapcsolati információk gyors áttekintése, menedzselése. A szoftver a eALIS főbb felismerésein alapuló, annak szellemiségét hord...
Elmentve itt :
| Szerzők: | |
|---|---|
| Testületi szerző: | |
| Dokumentumtípus: | Könyv része |
| Megjelent: |
2015
|
| Sorozat: | Magyar Számítógépes Nyelvészeti Konferencia
11 |
| Kulcsszavak: | Nyelvészet - számítógép alkalmazása |
| Online Access: | http://acta.bibl.u-szeged.hu/58949 |
| LEADER | 02578naa a2200217 i 4500 | ||
|---|---|---|---|
| 001 | acta58949 | ||
| 005 | 20260224081030.0 | ||
| 008 | 190628s2015 hu o 100 hun d | ||
| 020 | |a 978-963-306-359-0 | ||
| 040 | |a SZTE Egyetemi Kiadványok Repozitórium |b hun | ||
| 041 | |a hun | ||
| 100 | 1 | |a Nőthig László | |
| 245 | 1 | 0 | |a HumInA projektcsoport a ReALIS 1.1 bázisán |h [elektronikus dokumentum] / |c Nőthig László |
| 260 | |c 2015 | ||
| 300 | |a 326-332 | ||
| 490 | 0 | |a Magyar Számítógépes Nyelvészeti Konferencia |v 11 | |
| 520 | 3 | |a A laptopos bemutatóra benyújtott szoftver egy mobiltelefonra szánt alkalmazás személyi számítógépes verziója. Létrehozásának fő célja a mindennapi kommunikációt meghatározó kapcsolati információk gyors áttekintése, menedzselése. A szoftver a eALIS főbb felismerésein alapuló, annak szellemiségét hordozó, könnyen kezelhető alkalmazás, amelyhez hamarosan kapcsolódhat egy, a korábbi elméleti munkákon és számítógépes programjainkon alapuló nyelvi elemző, ahol a rendszer megkeresi az ismerhető szereplőket, entitásokat, eseményeket. A eALIS rendszer HumInA – Humán Intelligenciájú Adatbázis – modulja egy potenciálisan széles felhasználói kör részére elkerülhetővé teszi azt a munkát, amit egy világmodell részletes kidolgozása jelent. Az elnevezés onnan ered, hogy az információt nem önmagában, hanem az emberi kommunikációs folyamattal együtt próbáljuk megragadni, hogy ezáltal további értékes adatokhoz jussunk. A bemutatásra kerülő szoftver legegyszerűbb funkciója különböző mondatok tárolása, egy használható és áttekinthető világocska-rendszer létrehozása, valamint a más-más kontextusban előforduló entitások és események közötti kapcsolatok rögzítése. A mindennapi életben általában másoktól szerzett információra támaszkodunk, ahol forrásaink is csak részleges tudással rendelkeznek. Amikor egy kijelentés igazságáról szeretnénk dönteni, valamilyen súlyozás szerint vesszük figyelembe a környezetünkből érkező információkat. A program különböző stratégiák alapján megbízhatósági kereséseket tud végrehajtani, ahol eltérő heurisztikák alkalmazásával próbálja figyelembe venni az egyes források hitelességét. | |
| 695 | |a Nyelvészet - számítógép alkalmazása | ||
| 700 | 0 | 1 | |a Alberti Gábor |e aut |
| 710 | |a Magyar Számítógépes Nyelvészeti Konferencia (11.) (2015) (Szeged) | ||
| 856 | 4 | 0 | |u http://acta.bibl.u-szeged.hu/58949/1/msznykonf_011_326-332.pdf |z Dokumentum-elérés |